[Event "American Continental 19th"]
[Site "Foz do Iguacu"]
[Date "2025.05.31"]
[Round "11"]
[White "Avila Pavas, Santiago"]
[Black "Quesada Perez, Luis Ernesto"]
[Result "1-0"]
[WhiteElo "2469"]
[BlackElo "2546"]
[PlyCount "106"]
[EventDate "2025.05.23"]
[EventType "swiss"]
[EventRounds "11"]
[EventCountry "BRA"]
[SourceTitle "CB23_2025"]
[SourceDate "2025.06.04"]
[SourceVersion "1"]
[SourceVersionDate "2025.06.04"]
[SourceQuality "1"]

1. e4 c5 2. Nf3 e6 3. d4 cxd4 4. Nxd4 Nc6 5. Nc3 Qc7 6. Be3 a6 7. Qf3 Nf6 8. 0-0-0 Ne5 9. Qg3 b5 10. Bxb5 axb5 11. Ndxb5 Qb8 12. Bf4 d6 13. Rxd6 Nh5 14. Qg5 Bxd6 15. Nxd6+ Qxd6 16. Bxe5 Ra5 17. f4 Nxf4 18. Nd5 Rxd5 19. exd5 Ne2+ 20. Kb1 Qxd5 21. Qxg7 Rf8 22. b3 f6 23. Bxf6 Rf7 24. Qg4 Rxf6 25. Qxe2 Qc5 26. Rd1 Rf2 27. Qe4 Rf7 28. a4 Qc3 29. Qe2 Rf5 30. Qd2 Qc7 31. Qd4 e5 32. Qd5 Rf2 33. Qg8+ Rf8 34. Qg3 Bf5 35. Rd2 Kf7 36. Kb2 Qc5 37. Qf2 Qxf2 38. Rxf2 Ke7 39. c4 h5 40. Kc3 Ke6 41. a5 e4 42. b4 Ra8 43. Ra2 Rd8 44. b5 Rd3+ 45. Kb4 e3 46. a6 Rd2 47. Ra3 Rd3 48. Ra1 e2 49. Re1 Rd2 50. a7 Be4 51. c5 Ra2 52. c6 Bd3 53. b6 Kd5 1-0

[Event "American Continental Blitz 19th"]
[Site "Foz do Iguacu"]
[Date "2025.05.30"]
[Round "1"]
[White "Avila Pavas, Santiago"]
[Black "Caetano, Hugo Zanotti Mendon"]
[Result "1-0"]
[WhiteElo "2469"]
[BlackElo "2144"]
[PlyCount "83"]
[EventDate "2025.05.30"]
[EventType "swiss (blitz)"]
[EventRounds "9"]
[EventCountry "BRA"]
[SourceTitle "CB23_2025"]
[SourceDate "2025.06.04"]
[SourceVersion "1"]
[SourceVersionDate "2025.06.04"]
[SourceQuality "1"]

1. d4 d5 2. Bf4 Nf6 3. e3 e6 4. Nf3 c5 5. Nbd2 Bd6 6. c3 Bxf4 7. exf4 Nc6 8. dxc5 a5 9. Nb3 Qc7 10. g3 Ne4 11. a4 0-0 12. Bb5 Ne7 13. 0-0 Nxc5 14. Nxc5 Qxc5 15. Nd4 Nc6 16. Re1 Bd7 17. Nf3 Rad8 18. Qe2 Rfe8 19. h4 Ne7 20. Bd3 Bc6 21. Nd4 Nf5 22. Nxc6 Qxc6 23. Bb5 Qb6 24. Bxe8 Rxe8 25. Kg2 Rc8 26. Qd3 h5 27. Rab1 Qc6 28. Kg1 Qxa4 29. Ra1 Qb3 30. Rxa5 g6 31. Rb5 Qa4 32. Rxb7 Nd6 33. Rb4 Qa7 34. Qd4 Qc7 35. Ra1 Ne4 36. Ra7 Qd6 37. Rbb7 Rf8 38. Kg2 Qd8 39. Qb4 Qf6 40. Rb8 Rxb8 41. Qxb8+ Kh7 42. Qf8 1-0

[Event "American Continental Blitz 19th"]
[Site "Foz do Iguacu"]
[Date "2025.05.30"]
[Round "6"]
[White "Avila Pavas, Santiago"]
[Black "Tristan, Leonardo"]
[Result "1-0"]
[WhiteElo "2469"]
[BlackElo "2536"]
[PlyCount "91"]
[EventDate "2025.05.30"]
[EventType "swiss (blitz)"]
[EventRounds "9"]
[EventCountry "BRA"]
[SourceTitle "CB23_2025"]
[SourceDate "2025.06.04"]
[SourceVersion "1"]
[SourceVersionDate "2025.06.04"]
[SourceQuality "1"]

1. d4 d5 2. Bf4 Nf6 3. e3 Bf5 4. c4 e6 5. Nc3 Bb4 6. Nf3 c5 7. a3 Bxc3+ 8. bxc3 Qa5 9. Qb3 Nbd7 10. Be2 cxd4 11. exd4 dxc4 12. Bxc4 0-0 13. 0-0 Rac8 14. Rfc1 Be4 15. Be2 Qf5 16. Bg3 b6 17. c4 Ba8 18. Rd1 Rfd8 19. Rac1 Ne4 20. Qa4 Nxg3 21. hxg3 a5 22. c5 bxc5 23. Qxa5 cxd4 24. Qxf5 exf5 25. Rxc8 Rxc8 26. Nxd4 Ne5 27. Nxf5 Re8 28. Bb5 Rb8 29. a4 Be4 30. Re1 Bxf5 31. Rxe5 Be6 32. a5 Kf8 33. a6 Ra8 34. Rc5 Ke7 35. Rc7+ Kd6 36. Rb7 Kc5 37. Bf1 Bd5 38. Rd7 Kc6 39. Re7 Kd6 40. Re1 g5 41. Rd1 Kc5 42. Rc1+ Kb6 43. Rb1+ Kc5 44. Be2 f5 45. Rb5+ Kd4 46. Rxd5+ 1-0

[Event "American Continental Blitz 19th"]
[Site "Foz do Iguacu"]
[Date "2025.05.30"]
[Round "4"]
[White "Quesada Perez, Luis Ernesto"]
[Black "Avila Pavas, Santiago"]
[Result "1/2-1/2"]
[WhiteElo "2546"]
[BlackElo "2469"]
[PlyCount "111"]
[EventDate "2025.05.30"]
[EventType "swiss (blitz)"]
[EventRounds "9"]
[EventCountry "BRA"]
[SourceTitle "CB23_2025"]
[SourceDate "2025.06.04"]
[SourceVersion "1"]
[SourceVersionDate "2025.06.04"]
[SourceQuality "1"]

1. b3 Nf6 2. Bb2 g6 3. Nf3 Bg7 4. g3 0-0 5. Bg2 c5 6. c4 d5 7. cxd5 Qxd5 8. 0-0 Qh5 9. Qc2 Bh3 10. d3 Nc6 11. Nbd2 b6 12. a3 Rac8 13. Qc4 Ng4 14. Bxg7 Kxg7 15. Qc3+ Kg8 16. Rfe1 Nd4 17. Nf1 Bxg2 18. Kxg2 Rfd8 19. Rac1 Nf6 20. N1d2 Qd5 21. Qc4 Qd7 22. Ne5 Qb7+ 23. Ndf3 e6 24. b4 cxb4 25. Qxb4 Nc2 26. Rxc2 Rxc2 27. Qh4 Kg7 28. e4 Rd7 29. Nxd7 Nxd7 30. Qf4 Qc7 31. Qe3 Qc5 32. d4 Qc3 33. h4 Qxe3 34. Rxe3 b5 35. Rb3 a6 36. g4 h6 37. g5 hxg5 38. hxg5 Rc4 39. Kg3 Nb6 40. Kf4 Ra4 41. Ne5 Rxd4 42. f3 Nc4 43. Rc3 Nxe5 44. Kxe5 Ra4 45. f4 a5 46. Rb3 b4 47. axb4 Rxb4 48. Rxb4 axb4 49. Kd4 e5+ 50. fxe5 Kf8 51. e6 fxe6 52. Kc4 Ke7 53. e5 Kd7 54. Kxb4 Kc6 55. Kc4 Kb6 56. Kb4 1/2-1/2

[Event "American Continental 19th"]
[Site "Foz do Iguacu"]
[Date "2025.05.29"]
[Round "9"]
[White "Avila Pavas, Santiago"]
[Black "Shankland, Samuel L"]
[Result "1/2-1/2"]
[WhiteElo "2469"]
[BlackElo "2666"]
[PlyCount "129"]
[EventDate "2025.05.23"]
[EventType "swiss"]
[EventRounds "11"]
[EventCountry "BRA"]
[SourceTitle "CB23_2025"]
[SourceDate "2025.06.04"]
[SourceVersion "1"]
[SourceVersionDate "2025.06.04"]
[SourceQuality "1"]

1. e4 d6 2. d4 Nf6 3. Nc3 e5 4. Nf3 Nbd7 5. h3 c6 6. a4 Be7 7. Bc4 0-0 8. 0-0 h6 9. Re1 Re8 10. Ba2 exd4 11. Nxd4 Bf8 12. Bf4 a5 13. Nf5 Ne5 14. Qd4 Be6 15. Rad1 Qc7 16. Nxd6 Bxd6 17. Qxd6 Qxd6 18. Rxd6 Bxa2 19. Bxe5 Rxe5 20. Nxa2 Rxe4 21. Rxe4 Nxe4 22. Rd4 Nc5 23. Nc3 Re8 24. Kf1 f5 25. g4 Kf7 26. f3 Ne6 27. Rc4 Rd8 28. gxf5 Nd4 29. Ne4 Nxf3 30. Rc5 Nd2+ 31. Nxd2 Rxd2 32. c4 Rxb2 33. Rxa5 Rb4 34. Ra7 Kf6 35. a5 h5 36. Kf2 c5 37. h4 Rxc4 38. Rxb7 Rxh4 39. a6 Ra4 40. a7 c4 41. Kg3 c3 42. Rc7 c2 43. Rxc2 Kxf5 44. Rc5+ Kg6 45. Rc6+ Kg5 46. Rc5+ Kh6 47. Rc7 h4+ 48. Kh3 g5 49. Rc4 Rxa7 50. Kg4 Ra6 51. Rb4 Kg6 52. Rc4 Kf6 53. Rb4 Rd6 54. Ra4 Re6 55. Rb4 Re5 56. Rb6+ Re6 57. Rb4 Rd6 58. Ra4 Rd8 59. Ra6+ Ke5 60. Kxg5 h3 61. Kg4 Rh8 62. Ra5+ Kd4 63. Ra4+ Kd5 64. Ra5+ Kc4 65. Ra4+ 1/2-1/2

[Event "American Continental 19th"]
[Site "Foz do Iguacu"]
[Date "2025.05.27"]
[Round "7"]
[White "Avila Pavas, Santiago"]
[Black "Villarreal, Agustin"]
[Result "1-0"]
[WhiteElo "2469"]
[BlackElo "2272"]
[PlyCount "65"]
[EventDate "2025.05.23"]
[EventType "swiss"]
[EventRounds "11"]
[EventCountry "BRA"]
[SourceTitle "CB23_2025"]
[SourceDate "2025.06.04"]
[SourceVersion "1"]
[SourceVersionDate "2025.06.04"]
[SourceQuality "1"]

1. e4 e5 2. Nf3 Nc6 3. Bc4 Nf6 4. d3 h6 5. c3 d6 6. a4 g6 7. Qb3 Qe7 8. a5 a6 9. 0-0 Bg7 10. Re1 0-0 11. d4 Nh5 12. Be3 g5 13. h3 Nf4 14. Nbd2 Qf6 15. dxe5 dxe5 16. Nh2 h5 17. Ndf1 Ne7 18. Bxf4 gxf4 19. Qd1 Qg5 20. Nf3 Qf6 21. N1h2 Ng6 22. Qb3 Re8 23. Rad1 Bf8 24. Ng5 Qxg5 25. Bxf7+ Kh8 26. Nf3 Qe7 27. Bxg6 Be6 28. Qxb7 Qg7 29. Bxe8 Bxh3 30. Bg6 Qxg6 31. Nh4 Qg5 32. Qxa8 Kg7 33. Rd3 1-0

[Event "American Continental 19th"]
[Site "Foz do Iguacu"]
[Date "2025.05.24"]
[Round "2"]
[White "Mayta Aiza, Maveric"]
[Black "Avila Pavas, Santiago"]
[Result "1/2-1/2"]
[WhiteElo "2184"]
[BlackElo "2469"]
[PlyCount "177"]
[EventDate "2025.05.23"]
[EventType "swiss"]
[EventRounds "11"]
[EventCountry "BRA"]
[SourceTitle "CB23_2025"]
[SourceDate "2025.06.04"]
[SourceVersion "1"]
[SourceVersionDate "2025.06.04"]
[SourceQuality "1"]

1. e4 c5 2. Nf3 d6 3. Bb5+ Bd7 4. Bxd7+ Qxd7 5. d4 cxd4 6. Qxd4 Nc6 7. Qd3 g6 8. Nc3 Bg7 9. 0-0 Nf6 10. h3 0-0 11. Re1 Rfd8 12. Bf4 Rac8 13. Rad1 Qe8 14. Qe3 Nb4 15. Qxa7 Rc4 16. Nd2 Rcc8 17. Nf3 Nh5 18. Bd2 Nxc2 19. Re2 Nb4 20. g4 Nf6 21. Qa3 Nc6 22. Be3 Ra8 23. Qb3 Rdc8 24. Bb6 Nd7 25. Nd5 Ra6 26. Be3 Na5 27. Qb5 Raa8 28. b3 Nc6 29. Rc2 e6 30. Nb6 Nxb6 31. Bxb6 Qe7 32. Rcd2 Ne5 33. Qe2 Rc6 34. Nxe5 Bxe5 35. Bd4 Qf6 36. Bxe5 Qxe5 37. Kg2 Kg7 38. Qe3 g5 39. Qd4 Qxd4 40. Rxd4 Raa6 41. R1d2 Kf6 42. Rb4 b6 43. a4 Ke5 44. Kg3 Ra5 45. f3 h6 46. Rbd4 b5 47. Rb4 Rca6 48. Rdd4 Ra7 49. Kf2 Rc7 50. Kg3 Rc8 51. Rd2 Rc6 52. Rd1 Rca6 53. Rdd4 Ra7 54. Rd2 bxa4 55. bxa4 R7a6 56. Rdd4 Rc5 57. Rd2 f6 58. Rd3 Rca5 59. Rd2 Rc5 60. Rd1 d5 61. exd5 exd5 62. Rd3 Kd6 63. h4 Rca5 64. hxg5 hxg5 65. Rb8 Kc7 66. Rf8 Rd6 67. Rd4 Kb6 68. Rc8 Rc5 69. Rb8+ Kc7 70. Rb1 Rc4 71. Rbd1 Kc6 72. f4 Kc5 73. R4d3 gxf4+ 74. Kf3 Rxa4 75. Rb1 Rda6 76. Rb8 Re6 77. Rc8+ Rc6 78. Rd8 Rd4 79. Rc3+ Rc4 80. Rd3 Rd6 81. Rc8+ Rc6 82. Rd8 Rd4 83. Rc3+ Rc4 84. Rd3 d4 85. Kxf4 Rd6 86. Rf8 Rc3 87. Rc8+ Rc6 88. Rxc6+ Kxc6 89. Rxd4 1/2-1/2

[Event "American Continental 19th"]
[Site "Foz do Iguacu"]
[Date "2025.05.23"]
[Round "1"]
[White "Avila Pavas, Santiago"]
[Black "De Oliveira, Yuri Garcia"]
[Result "1-0"]
[WhiteElo "2469"]
[BlackElo "2001"]
[PlyCount "67"]
[EventDate "2025.05.23"]
[EventType "swiss"]
[EventRounds "11"]
[EventCountry "BRA"]
[SourceTitle "CB23_2025"]
[SourceDate "2025.06.04"]
[SourceVersion "1"]
[SourceVersionDate "2025.06.04"]
[SourceQuality "1"]

1. e4 c5 2. Nf3 d6 3. d4 cxd4 4. Nxd4 Nf6 5. Nc3 a6 6. Be3 e6 7. g4 b5 8. g5 b4 9. gxf6 bxc3 10. fxg7 Bxg7 11. bxc3 Qc7 12. Qd2 Nd7 13. Rg1 Bf6 14. f3 Ne5 15. Be2 Bb7 16. Rb1 Rb8 17. Rb3 d5 18. Bg5 Rg8 19. Rg3 Bxg5 20. Rxg5 Rg6 21. h4 dxe4 22. h5 Rxg5 23. Qxg5 Nxf3+ 24. Bxf3 exf3 25. Qg8+ Ke7 26. Qxb8 Qxb8 27. Nc6+ Bxc6 28. Rxb8 Kf6 29. Kf2 Kg5 30. c4 Kf4 31. c5 f5 32. Rb6 Bd5 33. c4 Be4 34. Rxe6 1-0

[Event "Titled Tuesday intern op 01st Apr Early"]
[Site "Chess.com INT"]
[Date "2025.04.01"]
[Round "2"]
[White "Avila Pavas, Santiago"]
[Black "Navalgund, Niranjan"]
[Result "1-0"]
[WhiteElo "2511"]
[BlackElo "2239"]
[PlyCount "67"]
[EventDate "2025.04.01"]
[EventType "swiss (blitz)"]
[EventRounds "11"]
[EventCountry "USA"]
[SourceTitle "CB15_2025"]
[SourceDate "2025.04.09"]
[SourceVersion "1"]
[SourceVersionDate "2025.04.09"]
[SourceQuality "1"]

1. d4 Nf6 2. Nf3 e6 3. Bf4 b6 4. Nbd2 Bb7 5. e3 Nh5 6. Bg5 Be7 7. h4 h6 8. Bxe7 Qxe7 9. Bd3 Nf6 10. e4 d5 11. e5 Nfd7 12. Qe2 c5 13. c3 Nc6 14. 0-0 0-0-0 15. a4 g5 16. h5 g4 17. Nh2 cxd4 18. Nxg4 Rdg8 19. a5 Qg5 20. f3 Ndxe5 21. Nxe5 Nxe5 22. f4 Qd8 23. fxe5 dxc3 24. bxc3 d4 25. Be4 dxc3 26. Bxb7+ Kxb7 27. Rxf7+ Kb8 28. Nf3 Rf8 29. Rxf8 Rxf8 30. axb6 Qxb6+ 31. Kh2 Rf5 32. Qd3 Rxh5+ 33. Kg3 Rf5 34. Rb1 1-0

[Event "Titled Tuesday intern op 25th Mar Early"]
[Site "Chess.com INT"]
[Date "2025.03.25"]
[Round "5"]
[White "Avila Pavas, Santiago"]
[Black "Salonen, Aku"]
[Result "1-0"]
[WhiteElo "2511"]
[BlackElo "2233"]
[PlyCount "53"]
[EventDate "2025.03.25"]
[EventType "swiss (blitz)"]
[EventRounds "11"]
[EventCountry "USA"]
[SourceTitle "CB14_2025"]
[SourceDate "2024.11.01"]
[SourceVersion "1"]
[SourceVersionDate "2024.11.01"]
[SourceQuality "1"]

1. d4 Nf6 2. Nf3 e6 3. Bf4 d5 4. e3 c5 5. Nbd2 Nc6 6. c3 Be7 7. Bd3 Nh5 8. Be5 f6 9. Ng5 Nxe5 10. dxe5 g6 11. exf6 Nxf6 12. Bb5+ Kf8 13. e4 h6 14. Ngf3 dxe4 15. Ne5 Kg7 16. Qe2 a6 17. Ba4 b5 18. Bc2 Bb7 19. Nxe4 Nd5 20. Qg4 Qe8 21. 0-0-0 h5 22. Qxe6 Nf4 23. Qd7 Bxe4 24. Bxe4 Rd8 25. Qa7 Kh6 26. Rxd8 Bxd8 27. Nf7+ 1-0

[Event "Titled Tuesday intern op 25th Mar Early"]
[Site "Chess.com INT"]
[Date "2025.03.25"]
[Round "4"]
[White "Kucza, Karol"]
[Black "Avila Pavas, Santiago"]
[Result "1-0"]
[WhiteElo "2316"]
[BlackElo "2511"]
[PlyCount "71"]
[EventDate "2025.03.25"]
[EventType "swiss (blitz)"]
[EventRounds "11"]
[EventCountry "USA"]
[SourceTitle "CB14_2025"]
[SourceDate "2024.11.01"]
[SourceVersion "1"]
[SourceVersionDate "2024.11.01"]
[SourceQuality "1"]

1. e4 c5 2. Nf3 d6 3. d4 cxd4 4. Nxd4 Nf6 5. Nc3 Nc6 6. Bg5 Bd7 7. Qd2 Rc8 8. 0-0-0 Nxd4 9. Qxd4 Qa5 10. f4 Rxc3 11. bxc3 e5 12. Qb4 Qxb4 13. cxb4 Nxe4 14. Bh4 f6 15. Bc4 g5 16. fxg5 fxg5 17. Be1 g4 18. Bd5 Bh6+ 19. Kb2 Bf5 20. Bxe4 Bxe4 21. Rxd6 Bf8 22. Rd2 Kf7 23. Re2 Bc6 24. Bc3 Bg7 25. Bxe5 Re8 26. Rhe1 Bxg2 27. Rxg2 Rxe5 28. Rxe5 Bxe5+ 29. Kb3 h5 30. c4 Kf6 31. c5 Kf5 32. Kc4 h4 33. Kd5 Bxh2 34. Rxh2 g3 35. Rxh4 g2 36. Rh8 1-0

[Event "Titled Tuesday intern op 25th Mar Early"]
[Site "Chess.com INT"]
[Date "2025.03.25"]
[Round "6"]
[White "Lizak, Jakub"]
[Black "Avila Pavas, Santiago"]
[Result "0-1"]
[WhiteElo "2219"]
[BlackElo "2511"]
[PlyCount "70"]
[EventDate "2025.03.25"]
[EventType "swiss (blitz)"]
[EventRounds "11"]
[EventCountry "USA"]
[SourceTitle "CB14_2025"]
[SourceDate "2024.11.01"]
[SourceVersion "1"]
[SourceVersionDate "2024.11.01"]
[SourceQuality "1"]

1. e4 Nf6 2. e5 Nd5 3. d4 d6 4. exd6 cxd6 5. c4 Nb6 6. Nc3 g6 7. Be3 Bg7 8. Rc1 0-0 9. b3 e5 10. dxe5 dxe5 11. Qxd8 Rxd8 12. c5 N6d7 13. Bc4 Nc6 14. Nf3 h6 15. Nb5 e4 16. Nd2 Nde5 17. Nxe4 Nxc4 18. Rxc4 Be6 19. Rc1 Nb4 20. Nc7 Nd3+ 21. Ke2 Nxc1+ 22. Rxc1 Bg4+ 23. f3 Rac8 24. Nb5 Bd7 25. Ned6 Bf8 26. a4 Bxb5+ 27. Nxb5 a6 28. Na7 Rc7 29. b4 Ra8 30. c6 Re8 31. b5 axb5 32. axb5 b6 33. Kf2 Rxa7 34. Bxb6 Ra2+ 35. Kg3 Rb2 0-1

[Event "Titled Tuesday intern op 11th Mar Early"]
[Site "Chess.com INT"]
[Date "2025.03.11"]
[Round "8"]
[White "Avila Pavas, Santiago"]
[Black "Kostov, Deyan Samuil"]
[Result "1-0"]
[WhiteElo "2511"]
[BlackElo "2347"]
[PlyCount "95"]
[EventDate "2025.03.11"]
[EventType "swiss (blitz)"]
[EventRounds "11"]
[EventCountry "USA"]
[SourceTitle "CB12_2025"]
[SourceDate "2025.03.19"]
[SourceVersion "1"]
[SourceVersionDate "2025.03.19"]
[SourceQuality "1"]

1. d4 d5 2. Nf3 Nf6 3. Bf4 e6 4. e3 Bd6 5. Nbd2 0-0 6. c3 c5 7. Bd3 Qc7 8. Bxd6 Qxd6 9. Ne5 c4 10. Bc2 b5 11. f4 Bb7 12. Qf3 b4 13. a3 a5 14. g4 Nbd7 15. g5 Ne4 16. Nxe4 dxe4 17. Bxe4 Bxe4 18. Qxe4 Nxe5 19. fxe5 Qb8 20. axb4 axb4 21. Rxa8 Qxa8 22. Qxa8 Rxa8 23. Kd2 b3 24. e4 Ra2 25. Rb1 Kf8 26. Ke3 Ke7 27. d5 Kd7 28. Kd4 Ra4 29. Rf1 Ke8 30. Rf2 exd5 31. exd5 Ke7 32. Kc5 h6 33. gxh6 gxh6 34. Kb5 Ra1 35. Kxc4 Re1 36. Kxb3 Rxe5 37. c4 f5 38. Kc3 Kd6 39. b4 Re3+ 40. Kd4 Re4+ 41. Kd3 Rh4 42. Rxf5 Rxh2 43. c5+ Ke7 44. Re5+ Kd7 45. d6 Rh1 46. b5 h5 47. Re7+ Kd8 48. b6 1-0

[Event "Titled Tuesday intern op 11th Mar Early"]
[Site "Chess.com INT"]
[Date "2025.03.11"]
[Round "1"]
[White "Avila Pavas, Santiago"]
[Black "Pavlidou, Ekaterini"]
[Result "1-0"]
[WhiteElo "2511"]
[BlackElo "2160"]
[PlyCount "79"]
[EventDate "2025.03.11"]
[EventType "swiss (blitz)"]
[EventRounds "11"]
[EventCountry "USA"]
[SourceTitle "CB12_2025"]
[SourceDate "2025.03.19"]
[SourceVersion "1"]
[SourceVersionDate "2025.03.19"]
[SourceQuality "1"]

1. d4 Nf6 2. Nf3 e6 3. Bf4 c5 4. e3 Nc6 5. c3 d5 6. Nbd2 cxd4 7. exd4 Nh5 8. Be3 Qc7 9. Ne5 Nxe5 10. dxe5 Qxe5 11. Bb5+ Bd7 12. Bxd7+ Kxd7 13. Qa4+ Kd8 14. 0-0-0 b5 15. Qxb5 Qc7 16. Qa4 Bd6 17. Nc4 Nf6 18. Bb6 axb6 19. Qxa8+ Qb8 20. Qxb8+ Bxb8 21. Nxb6 Ke7 22. f3 Ba7 23. Na4 Rb8 24. b3 Nh5 25. Rhe1 Nf4 26. Rd2 Rc8 27. Kb2 f6 28. g3 Ng6 29. Rxd5 Bf2 30. Re2 Bg1 31. Rd1 Ba7 32. f4 Nf8 33. c4 Nd7 34. Nc3 Nc5 35. Nb5 Bb6 36. b4 Na6 37. c5 Bd8 38. a3 Rb8 39. Nd4 Nxc5 40. Nc6+ 1-0

[Event "Titled Tuesday intern op 11th Mar Early"]
[Site "Chess.com INT"]
[Date "2025.03.11"]
[Round "2"]
[White "Avila Pavas, Santiago"]
[Black "Vachier Lagrave, Maxime"]
[Result "0-1"]
[WhiteElo "2511"]
[BlackElo "2725"]
[PlyCount "60"]
[EventDate "2025.03.11"]
[EventType "swiss (blitz)"]
[EventRounds "11"]
[EventCountry "USA"]
[SourceTitle "CB12_2025"]
[SourceDate "2025.03.19"]
[SourceVersion "1"]
[SourceVersionDate "2025.03.19"]
[SourceQuality "1"]

1. d4 Nf6 2. Nf3 g6 3. Bg5 Bg7 4. Nbd2 0-0 5. e4 d5 6. exd5 Nxd5 7. c3 Nd7 8. Bc4 N5b6 9. Bb3 c5 10. 0-0 cxd4 11. cxd4 Nf6 12. Re1 Bf5 13. h3 Rc8 14. Rc1 Rxc1 15. Qxc1 h6 16. Bh4 Nbd5 17. Ne5 Qb6 18. Ndf3 Rc8 19. Qd1 g5 20. Bxg5 hxg5 21. Nxg5 Rf8 22. Ngxf7 Rxf7 23. Nxf7 Kxf7 24. Bxd5+ Nxd5 25. Qh5+ Qg6 26. Qf3 e6 27. g4 Kg8 28. Kh2 Bd3 29. h4 Bxd4 30. Rd1 Be4 0-1

[Event "Titled Tuesday intern op 11th Mar Early"]
[Site "Chess.com INT"]
[Date "2025.03.11"]
[Round "5"]
[White "Melikhov, Evgeny V"]
[Black "Avila Pavas, Santiago"]
[Result "0-1"]
[WhiteElo "2138"]
[BlackElo "2511"]
[PlyCount "48"]
[EventDate "2025.03.11"]
[EventType "swiss (blitz)"]
[EventRounds "11"]
[EventCountry "USA"]
[SourceTitle "CB12_2025"]
[SourceDate "2025.03.19"]
[SourceVersion "1"]
[SourceVersionDate "2025.03.19"]
[SourceQuality "1"]

1. d4 Nf6 2. c4 c5 3. d5 b5 4. Nf3 b4 5. a3 bxa3 6. Nxa3 d6 7. Nb5 a6 8. Nc3 g6 9. e4 Bg7 10. Bd3 0-0 11. 0-0 Bb7 12. Re1 e5 13. dxe6 fxe6 14. e5 Ng4 15. Be4 Bxe4 16. Nxe4 Nxe5 17. Nxe5 Bxe5 18. Bg5 Qc7 19. Bh6 Rf5 20. Ra3 Nc6 21. Nxc5 dxc5 22. Rd3 Bxh2+ 23. Kh1 Nd4 24. Rde3 Rh5 0-1

[Event "Titled Tuesday intern op 11th Mar Early"]
[Site "Chess.com INT"]
[Date "2025.03.11"]
[Round "7"]
[White "Saya, Ethan"]
[Black "Avila Pavas, Santiago"]
[Result "0-1"]
[WhiteElo "2226"]
[BlackElo "2511"]
[PlyCount "58"]
[EventDate "2025.03.11"]
[EventType "swiss (blitz)"]
[EventRounds "11"]
[EventCountry "USA"]
[SourceTitle "CB12_2025"]
[SourceDate "2025.03.19"]
[SourceVersion "1"]
[SourceVersionDate "2025.03.19"]
[SourceQuality "1"]

1. e4 Nf6 2. e5 Nd5 3. d4 d6 4. exd6 cxd6 5. c4 Nb6 6. Nc3 g6 7. Be3 Bg7 8. Rc1 0-0 9. b3 e5 10. dxe5 dxe5 11. Qxd8 Rxd8 12. Nf3 Nc6 13. Be2 h6 14. 0-0 Bf5 15. Rfd1 Nd4 16. c5 Nxe2+ 17. Nxe2 Nd5 18. Ng3 Nxe3 19. fxe3 Bd3 20. e4 f5 21. exf5 e4 22. Nh4 g5 23. Ng6 Bd4+ 24. Kh1 Bb2 25. c6 Bxc1 26. Rxc1 bxc6 27. Rxc6 e3 28. Re6 Bxf5 29. Ne7+ Kf7 0-1

[Event "Titled Tuesday intern op 04th Mar Early"]
[Site "Chess.com INT"]
[Date "2025.03.04"]
[Round "2"]
[White "Avila Pavas, Santiago"]
[Black "Kopczynski, Michal"]
[Result "1-0"]
[WhiteElo "2511"]
[BlackElo "2225"]
[PlyCount "49"]
[EventDate "2025.03.04"]
[EventType "swiss (blitz)"]
[EventRounds "11"]
[EventCountry "USA"]
[SourceTitle "CB11_2025"]
[SourceDate "2025.03.12"]
[SourceVersion "1"]
[SourceVersionDate "2025.03.12"]
[SourceQuality "1"]

1. d4 Nf6 2. Nf3 g6 3. Bg5 Bg7 4. Nbd2 d6 5. e4 h6 6. Bh4 c5 7. dxc5 dxc5 8. c3 0-0 9. Bc4 Nc6 10. Qe2 a6 11. Qe3 Nd7 12. 0-0-0 b5 13. Bd5 Bb7 14. e5 g5 15. e6 gxh4 16. exf7+ Rxf7 17. Ne4 Qc7 18. Bxf7+ Kxf7 19. Neg5+ hxg5 20. Nxg5+ Ke8 21. Qf3 Nd8 22. Qf5 Bc6 23. Rhe1 Bf6 24. Qg6+ Kf8 25. Nh7# 1-0

[Event "Titled Tuesday intern op 04th Mar Early"]
[Site "Chess.com INT"]
[Date "2025.03.04"]
[Round "9"]
[White "Jake, Shanty"]
[Black "Avila Pavas, Santiago"]
[Result "0-1"]
[WhiteElo "2336"]
[BlackElo "2511"]
[PlyCount "96"]
[EventDate "2025.03.04"]
[EventType "swiss (blitz)"]
[EventRounds "11"]
[EventCountry "USA"]
[SourceTitle "CB11_2025"]
[SourceDate "2025.03.12"]
[SourceVersion "1"]
[SourceVersionDate "2025.03.12"]
[SourceQuality "1"]

1. e4 Nf6 2. e5 Nd5 3. d4 d6 4. exd6 cxd6 5. Nf3 g6 6. c4 Nb6 7. Nc3 Bg7 8. Be2 0-0 9. h3 Bf5 10. 0-0 Nc6 11. Be3 d5 12. c5 Nc4 13. Bxc4 dxc4 14. d5 Nb4 15. Bd4 Bd3 16. Bxg7 Kxg7 17. Re1 Nxd5 18. Nxd5 Qxd5 19. Rxe7 Qxc5 20. Rxb7 Rab8 21. Rxb8 Rxb8 22. Qd2 Qb4 23. Qxb4 Rxb4 24. b3 Kf6 25. Rd1 cxb3 26. axb3 Rxb3 27. Nd4 Rb1 28. Rxb1 Bxb1 29. Kf1 a5 30. Ke2 a4 31. Kd2 a3 32. Kc3 Be4 33. g3 Bd5 34. h4 Ke5 35. Nc2 a2 36. Kb2 Ke4 37. Ne1 Kf5 38. Nc2 Be6 39. Ne1 Kg4 40. Ka1 Kh3 41. Nf3 Kg2 42. Ng5 Kxf2 43. g4 Kg3 44. h5 Kxg4 45. hxg6 hxg6 46. Nh7 Kf5 47. Nf8 g5 48. Nh7 g4 0-1

[Event "Titled Tuesday intern op 25th Feb Early"]
[Site "Chess.com INT"]
[Date "2025.02.25"]
[Round "5"]
[White "Avila Pavas, Santiago"]
[Black "Prithu, Gupta"]
[Result "1-0"]
[WhiteElo "2511"]
[BlackElo "2398"]
[PlyCount "39"]
[EventDate "2025.02.25"]
[EventType "swiss (blitz)"]
[EventRounds "11"]
[EventCountry "USA"]
[SourceTitle "CB10_2025"]
[SourceDate "2025.03.05"]
[SourceVersion "1"]
[SourceVersionDate "2025.03.05"]
[SourceQuality "1"]

1. d4 d5 2. Bf4 Nf6 3. e3 e6 4. Nf3 Bd6 5. Nbd2 0-0 6. c3 b6 7. Ne5 Ba6 8. Bxa6 Nxa6 9. h4 c5 10. h5 Qc7 11. Qf3 Ne8 12. Qg3 f6 13. Ng6 Rf7 14. Nf3 cxd4 15. cxd4 hxg6 16. hxg6 Rd7 17. Ng5 Bxf4 18. Qh3 Kf8 19. Qxe6 Re7 20. Nh7# 1-0

[Event "Titled Tuesday intern op 25th Feb Early"]
[Site "Chess.com INT"]
[Date "2025.02.25"]
[Round "6"]
[White "Paravyan, David"]
[Black "Avila Pavas, Santiago"]
[Result "1-0"]
[WhiteElo "2621"]
[BlackElo "2511"]
[PlyCount "59"]
[EventDate "2025.02.25"]
[EventType "swiss (blitz)"]
[EventRounds "11"]
[EventCountry "USA"]
[SourceTitle "CB10_2025"]
[SourceDate "2025.03.05"]
[SourceVersion "1"]
[SourceVersionDate "2025.03.05"]
[SourceQuality "1"]

1. e4 Nf6 2. e5 Nd5 3. d4 d6 4. c4 Nb6 5. f4 dxe5 6. fxe5 Bf5 7. Nc3 e6 8. Nf3 Be7 9. Be2 0-0 10. 0-0 Nc6 11. Be3 f6 12. exf6 Bxf6 13. Qd2 Qe8 14. Rad1 Rd8 15. Qc1 Qg6 16. Kh1 Kh8 17. b3 Nb4 18. d5 Bc2 19. Bc5 Bxd1 20. Rxd1 Rfe8 21. Bxb4 exd5 22. Bd3 Qh5 23. c5 Nd7 24. Ne2 Ne5 25. Ng3 Qf7 26. Nxe5 Bxe5 27. Rf1 Qe6 28. Qg5 Bf6 29. Qh5 Qe5 30. Qxh7# 1-0